| 000 | 01405cam a22002054a 4500 | ||
|---|---|---|---|
| 005 | 20250605164003.0 | ||
| 008 | 250528s ||||||||||||||||||||||||d | ||
| 035 | _a15709 | ||
| 020 | _a132245442 | ||
| 040 |
_aGR-AtMCL _bgre _dGR-AtMCL _eAACR2 |
||
| 245 | 1 | _aThe Economics of Industrial Organization / Third Edition | |
| 250 | _a3rd | ||
| 260 |
_bPrentice Hall International, _c1990 |
||
| 300 | _a566 | ||
| 520 | _aPreface, Basic Concepts, Introduction, Theories of Competition and Monopoly, Market Structure, Defining Markets and Categories of Competition, Market Structures in the US Economy, Performance, Market Power's Effects on Prices and Profits and Efficiency, Technological Progress, Fairness in Distribution and Other Values, Determinants of Market Structure, Finance and Mergers and Public Policies, The Economies and Diseconomies of Scale, Behavior and Related Topics, Concepts and Conditions, Monopoly and Dominance and Entry, Price Discrimination, Theories of Oligopoly, Collusion in Real Markets, Vertical Conditions and Size and Diversification, Product Differentiation and Especially Advertising, Industry Case Studies, Dominant Firms: Eastman Kodak and AT&T and Boeing and Newspapers, Antitrust Policies, Regulation and Deregulation and Privatization, Further Study, Appendixes, Index. | ||
| 700 | 1 |
_aShepherd William G _91677 |
|
| 942 | _cBK | ||
| 999 |
_c1266 _d1266 |
||